| 000 | 00812cam a2200289Ia 4500 | ||
|---|---|---|---|
| 001 | 1831192 | ||
| 003 | SIRSI | ||
| 005 | 20210924161423.0 | ||
| 008 | 751113s1927 enk 001 0 engm | ||
| 010 | _a 50047534 | ||
| 020 | _a0198154542 | ||
| 035 | _a(Sirsi) o01831192 | ||
| 035 | _a(Sirsi) 01-AAI-9827 | ||
| 036 | _au89603 | ||
| 040 |
_aDLC _cYYP _dYYP _dTSW |
||
| 041 | 0 | _aengheb | |
| 100 | 1 |
_aSegal, M. H. _q(Moses Hirsch), _d1877-1968. |
|
| 245 | 1 | 2 |
_aA grammar of Mishnaic Hebrew / _cby Moses Hirsch Segal. |
| 260 |
_aOxford : _bClarendon Press, _cc1986. |
||
| 300 |
_axliii, 248 p. ; _c19 cm. |
||
| 336 | _atext | ||
| 337 | _aunmediated | ||
| 338 | _avolume | ||
| 504 | _aIncludes bibliographical references (p. [xl]). | ||
| 650 | 0 |
_aHebrew language, Talmudic _xGrammar. |
|
| 942 |
_2lcc _cBK |
||
| 999 |
_c50308 _d50308 |
||